[Event "Mazowiec-chT 1516"]
[Site "Poland"]
[Date "2016.02.21"]
[Round "7.4"]
[White "Ceglowski, Ryszard"]
[Black "Markiewicz, Michal"]
[Result "0-1"]
[WhiteElo "1795"]
[BlackElo "1659"]
[PlyCount "84"]
[EventDate "2015.12.13"]
[EventType "team-tourn"]
[EventRounds "7"]
[EventCountry "POL"]
[SourceTitle "EXT 2019"]
[Source "ChessBase"]
[SourceDate "2018.10.10"]
[SourceVersion "1"]
[SourceVersionDate "2018.10.10"]
[SourceQuality "1"]
[WhiteTeam "Warszawa Hetman"]
[BlackTeam "Zielonka Zieloni II"]
[WhiteTeamCountry "POL"]
[BlackTeamCountry "POL"]

1. c4 Nf6 2. Nc3 g6 3. g3 c5 4. Bg2 Nc6 5. e3 Bg7 6. Nge2 0-0 7. 0-0 e6 8. d4 cxd4 9. exd4 d5 10. cxd5 Nxd5 11. Nxd5 exd5 12. Be3 Qa5 13. a3 Rd8 14. Rc1 Bg4 15. f3 Bf5 16. Qb3 Qa6 17. Rfe1 Re8 18. g4 Bd3 19. Nf4 Bc4 20. Qc3 Rxe3 21. Rxe3 Bxd4 22. Qd2 Qb6 23. Rce1 Re8 24. Kf2 Rxe3 25. Rxe3 Bxe3+ 26. Qxe3 Qxb2+ 27. Kg3 Qe5 28. Qc5 g5 29. h4 Qxf4+ 30. Kh3 gxh4 31. Qf2 Qg3+ 32. Qxg3 hxg3 33. Kxg3 b5 34. Kf4 d4 35. Ke4 a5 36. f4 Kg7 37. g5 b4 38. axb4 axb4 39. Kf5 Bd3+ 40. Kg4 Ne7 41. f5 Bxf5+ 42. Kf4 b3 0-1

[Event "Warsaw YMCA Spring-B 139th"]
[Site "Warsaw"]
[Date "2014.05.08"]
[Round "5"]
[White "Koziol, Pawel"]
[Black "Ceglowski, Ryszard"]
[Result "1-0"]
[WhiteElo "1892"]
[BlackElo "1881"]
[PlyCount "139"]
[EventDate "2014.04.08"]
[EventType "tourn"]
[EventRounds "11"]
[EventCountry "POL"]
[SourceTitle "EXT 2015"]
[Source "ChessBase"]
[SourceDate "2014.11.20"]
[SourceVersion "1"]
[SourceVersionDate "2014.11.20"]
[SourceQuality "1"]

1. Nf3 Nf6 2. c4 e6 3. g3 d5 4. Bg2 c6 5. b3 Be7 6. Bb2 Qb6 7. d3 0-0 8. 0-0 Rd8 9. Nbd2 c5 10. cxd5 exd5 11. Ne5 Nbd7 12. Ndf3 Nxe5 13. Bxe5 Ng4 14. Bb2 Be6 15. h3 Nf6 16. Rc1 h6 17. Rc2 c4 18. Bd4 Qb5 19. Ne5 Rac8 20. bxc4 dxc4 21. Rb2 Qa5 22. dxc4 Bc5 23. e3 Bxd4 24. exd4 Bxc4 25. Re1 b5 26. Nc6 Rxc6 27. Bxc6 Qb6 28. Bg2 Qxd4 29. Qxd4 Rxd4 30. Bf1 a6 31. Rc1 Be6 32. h4 Ra4 33. Bd3 Nd5 34. Bc2 Rc4 35. Re1 Rc5 36. Bb3 a5 37. Rc2 Rxc2 38. Bxc2 a4 39. a3 Nb6 40. Bd3 Nc4 41. Bxc4 Bxc4 42. Re8+ Kh7 43. f3 Kg6 44. Kf2 h5 45. Ke3 Kf5 46. Kd4 f6 47. Rh8 g6 48. Rc8 Bf1 49. Rc1 Be2 50. Rc5+ Ke6 51. Ke3 Bc4 52. g4 Kd6 53. Rc8 hxg4 54. fxg4 Be6 55. Rd8+ Ke7 56. Rd4 Kf7 57. Kf4 Ke7 58. Rd2 Kf7 59. Rd6 Ke7 60. Rb6 Bc4 61. Ke3 Be6 62. Rb7+ Kd6 63. Kf4 Kc5 64. Rc7+ Kd5 65. h5 Kd6 66. h6 g5+ 67. Kg3 Kxc7 68. h7 f5 69. h8Q fxg4 70. Qe5+ 1-0

[Event "Warsaw YMCA Spring-B 139th"]
[Site "Warsaw"]
[Date "2014.04.11"]
[Round "1"]
[White "Kowalski, Igor"]
[Black "Ceglowski, Ryszard"]
[Result "1-0"]
[WhiteElo "1852"]
[BlackElo "1881"]
[PlyCount "59"]
[EventDate "2014.04.08"]
[EventType "tourn"]
[EventRounds "11"]
[EventCountry "POL"]
[SourceTitle "EXT 2015"]
[Source "ChessBase"]
[SourceDate "2014.11.20"]
[SourceVersion "1"]
[SourceVersionDate "2014.11.20"]
[SourceQuality "1"]

1. d4 Nf6 2. c4 g6 3. Nc3 d5 4. cxd5 Nxd5 5. e4 Nxc3 6. bxc3 Bg7 7. Nf3 0-0 8. Be3 c5 9. Rc1 Bg4 10. Be2 Nc6 11. d5 Bxf3 12. gxf3 Ne5 13. f4 Nd7 14. e5 Qa5 15. Qd2 Rfd8 16. Rb1 Rab8 17. c4 Qc7 18. a4 f6 19. e6 Nf8 20. Bd3 f5 21. h4 Qd6 22. Ke2 b6 23. h5 Qc7 24. hxg6 hxg6 25. Qc2 a6 26. Bxf5 b5 27. Bxg6 Nxe6 28. dxe6 bxc4 29. Bf7+ Kf8 30. Qh7 1-0

[Event "Mazowiec-chT 1213"]
[Site "Poland"]
[Date "2013.02.17"]
[Round "7.23"]
[White "Ceglowski, Ryszard"]
[Black "Harazinski, Adam"]
[Result "1/2-1/2"]
[WhiteElo "1898"]
[BlackElo "1943"]
[PlyCount "71"]
[EventDate "2013.01.13"]
[EventType "team-tourn"]
[EventRounds "10"]
[EventCountry "POL"]
[SourceTitle "EXT 2019"]
[Source "ChessBase"]
[SourceDate "2018.10.10"]
[SourceVersion "1"]
[SourceVersionDate "2018.10.10"]
[SourceQuality "1"]

1. c4 c5 2. Nc3 Nc6 3. g3 g6 4. Bg2 Bg7 5. e3 Nf6 6. Nge2 e5 7. 0-0 0-0 8. d4 d6 9. d5 Ne7 10. h3 Ne8 11. e4 f5 12. f4 fxe4 13. Nxe4 Nf5 14. Kh2 Nd4 15. fxe5 Rxf1 16. Qxf1 Nxe2 17. Qxe2 Bxe5 18. Bg5 Qc7 19. Re1 Bf5 20. b3 Bxe4 21. Qxe4 Ng7 22. Bf4 Re8 23. Bxe5 Rxe5 24. Qb1 Qe7 25. Rxe5 Qxe5 26. Qe4 Qxe4 27. Bxe4 Kf7 28. Kg2 Kf6 29. Kf3 Ke5 30. g4 Kf6 31. h4 h6 32. Ke3 g5 33. h5 Ne8 34. Bg6 Nc7 35. Ke4 b5 36. Bf5 1/2-1/2

[Event "Warsaw MG-ch 2nd"]
[Site "Warsaw"]
[Date "2012.01.30"]
[Round "3"]
[White "Ceglowski, Ryszard"]
[Black "Powalka, Michal"]
[Result "1-0"]
[WhiteElo "1870"]
[BlackElo "1678"]
[PlyCount "71"]
[EventDate "2012.01.02"]
[EventType "swiss"]
[EventRounds "11"]
[EventCountry "POL"]
[SourceTitle "EXT 2014"]
[Source "ChessBase"]
[SourceDate "2013.11.20"]
[SourceVersion "1"]
[SourceVersionDate "2013.11.20"]
[SourceQuality "1"]

1. d4 Nf6 2. c4 g6 3. Nc3 Bg7 4. e4 d6 5. g3 0-0 6. Bg2 Nc6 7. Nge2 e5 8. d5 Ne7 9. 0-0 Nd7 10. Be3 f5 11. Qc1 Kh8 12. Rb1 a5 13. a3 Ng8 14. b4 Ngf6 15. c5 Rf7 16. Nb5 Bf8 17. Qc2 Nxe4 18. Bxe4 fxe4 19. Rbc1 axb4 20. axb4 Nf6 21. Nec3 Bd7 22. Bg5 h6 23. Bxf6+ Rxf6 24. Qxe4 Bf5 25. Qe3 Qd7 26. f3 Kh7 27. g4 Bxg4 28. fxg4 Qxg4+ 29. Kh1 Rxf1+ 30. Rxf1 Qxb4 31. cxd6 cxd6 32. Qf3 Rc8 33. Qf7+ Bg7 34. Rg1 Kh8 35. Qxg6 Rg8 36. Nxd6 1-0

[Event "Warsaw-ch opB 64th"]
[Site "Warsaw"]
[Date "2011.05.08"]
[Round "2"]
[White "Chomczyk, Marek"]
[Black "Ceglowski, Ryszard"]
[Result "1-0"]
[WhiteElo "1679"]
[BlackElo "1858"]
[PlyCount "41"]
[EventDate "2011.05.07"]
[EventType "swiss"]
[EventRounds "9"]
[EventCountry "POL"]
[SourceTitle "EXT 2012"]
[Source "ChessBase"]
[SourceDate "2011.11.24"]
[SourceVersion "1"]
[SourceVersionDate "2011.11.24"]
[SourceQuality "1"]

1. e4 e6 2. d4 d5 3. exd5 exd5 4. Nf3 Nf6 5. Bd3 Qe7+ 6. Qe2 Bg4 7. 0-0 Qxe2 8. Bxe2 Nbd7 9. Bf4 0-0-0 10. Nbd2 Ne4 11. Bd3 f5 12. Rac1 h6 13. h3 Bh5 14. c4 g5 15. Bh2 Nxd2 16. Nxd2 dxc4 17. Bxf5 b5 18. Nxc4 bxc4 19. Rxc4 c5 20. dxc5 Be2 21. Rb4 1-0

[Event "Warsaw Najdorf Memorial op-B"]
[Site "Warsaw"]
[Date "2010.07.24"]
[Round "9"]
[White "Ceglowski, Ryszard"]
[Black "Grabara, Krzysztof"]
[Result "0-1"]
[WhiteElo "1864"]
[BlackElo "1961"]
[PlyCount "112"]
[EventDate "2010.07.17"]
[EventType "swiss"]
[EventRounds "9"]
[EventCountry "POL"]
[SourceTitle "CBM 137 Extra"]
[Source "ChessBase"]
[SourceDate "2010.09.01"]
[SourceVersion "1"]
[SourceVersionDate "2010.09.01"]
[SourceQuality "1"]

1. c4 Nf6 2. Nc3 e5 3. g3 c6 4. Bg2 Be7 5. d3 0-0 6. Nf3 Qc7 7. 0-0 d5 8. cxd5 Nxd5 9. Bd2 Be6 10. Rc1 Rd8 11. a3 f6 12. Qc2 Nxc3 13. Qxc3 a5 14. d4 e4 15. Bf4 Qb6 16. Nd2 Qxd4 17. Nxe4 Qxc3 18. Nxc3 Na6 19. Ne4 h6 20. Rfd1 Bb3 21. Rd2 g5 22. Bd6 Kf7 23. Rc3 Be6 24. h3 f5 25. Bxe7 Kxe7 26. Rxd8 Rxd8 27. Nc5 Nxc5 28. Rxc5 a4 29. f4 gxf4 30. gxf4 Rd2 31. Kf2 Rxb2 32. Ra5 Kd6 33. Rxa4 Bd5 34. Bf3 c5 35. Ra8 Bxf3 36. Kxf3 Kd5 37. Rd8+ Kc4 38. Rf8 Rb3+ 39. e3 Rxa3 40. Rxf5 b5 41. Rf6 b4 42. Rb6 Ra8 43. f5 Rc8 44. e4 Kb3 45. f6 c4 46. e5 c3 47. Ra6 Kb2 48. f7 c2 49. Rc6 Rxc6 50. f8Q b3 51. e6 c1Q 52. e7 Qf1+ 53. Ke4 Qc4+ 54. Kf3 Qd5+ 55. Ke2 Qe4+ 56. Kf2 Rc2+ 0-1

[Event "Warsaw Hetmanie-A 1st"]
[Site "Warsaw"]
[Date "2010.02.24"]
[Round "6"]
[White "Jarmolowski, Tadeusz"]
[Black "Ceglowski, Ryszard"]
[Result "1-0"]
[WhiteElo "1702"]
[BlackElo "1912"]
[PlyCount "109"]
[EventDate "2010.01.04"]
[EventType "tourn"]
[EventRounds "11"]
[EventCountry "POL"]
[SourceTitle "EXT 2023"]
[Source "ChessBase"]
[SourceDate "2022.10.05"]
[SourceVersion "1"]
[SourceVersionDate "2022.10.05"]
[SourceQuality "1"]

1. e4 c5 2. c3 d5 3. exd5 Qxd5 4. d4 e6 5. Nf3 Nf6 6. Na3 cxd4 7. Nb5 Na6 8. Nbxd4 e5 9. Bb5+ Bd7 10. Bxd7+ Nxd7 11. Qe2 Nac5 12. 0-0 0-0-0 13. Nb5 Nd3 14. Nxa7+ Kb8 15. Be3 f5 16. Rfd1 e4 17. Nd4 f4 18. Nac6+ bxc6 19. Bxf4+ Nxf4 20. Qa6 Rc8 21. b4 Nd3 22. a4 Be7 23. Rxd3 exd3 24. b5 Bc5 25. bxc6 Kc7 26. Qb7+ Kd8 27. c7+ Rxc7 28. Qxd5 Bxd4 29. Qxd4 Rc5 30. Qxd3 Re8 31. g3 h6 32. Rd1 Re7 33. Qd4 Ke8 34. Kf1 Rce5 35. Ra1 Nc5 36. Rb1 Nd7 37. Rb5 Re4 38. Qa7 Rc4 39. Rf5 Rc8 40. Qd4 Rb8 41. Rf3 Rd8 42. Re3 Nf6 43. Rxe7+ Kxe7 44. Qe5+ Kf7 45. a5 Rd1+ 46. Kg2 Rd5 47. Qc7+ Rd7 48. Qc4+ Kg6 49. a6 Kh7 50. Qb5 Rd5 51. Qb7 Rd7 52. Qb8 Nd5 53. a7 Rxa7 54. Qxa7 Nxc3 55. Qc5 1-0

[Event "Warsaw Hetmanie-A 1st"]
[Site "Warsaw"]
[Date "2010.02.04"]
[Round "4"]
[White "Safanowski, Tomasz"]
[Black "Ceglowski, Ryszard"]
[Result "1-0"]
[WhiteElo "1791"]
[BlackElo "1912"]
[PlyCount "62"]
[EventDate "2010.01.04"]
[EventType "tourn"]
[EventRounds "11"]
[EventCountry "POL"]
[SourceTitle "EXT 2023"]
[Source "ChessBase"]
[SourceDate "2022.10.05"]
[SourceVersion "1"]
[SourceVersionDate "2022.10.05"]
[SourceQuality "1"]

1. e4 e6 2. d3 c5 3. Nf3 Nc6 4. g3 g6 5. Bg2 Bg7 6. Nbd2 Nge7 7. Qe2 Nb4 8. Nb3 0-0 9. c3 Na6 10. 0-0 d5 11. e5 Bd7 12. Bg5 Bb5 13. Qe3 Qc7 14. a4 Nf5 15. Qd2 Bc6 16. g4 Ne7 17. Qe3 b6 18. Bf6 d4 19. Qg5 Nd5 20. c4 Ndb4 21. h4 Nxd3 22. h5 h6 23. Qh4 g5 24. Nxg5 Bxg2 25. Kxg2 Nxe5 26. Ne4 Nd3 27. Bxg7 Kxg7 28. Qf6+ Kh7 29. g5 hxg5 30. Nxg5+ Kg8 31. f4 Nab4 1-0

[Event "Mazowiec-chT 0910"]
[Site "Mazowsze"]
[Date "2010.01.17"]
[Round "4.22"]
[White "Ceglowski, Ryszard"]
[Black "Domzal, Teofan"]
[Result "1/2-1/2"]
[WhiteElo "1912"]
[BlackElo "2074"]
[PlyCount "80"]
[EventDate "2009.11.29"]
[EventType "team-tourn"]
[EventRounds "11"]
[EventCountry "POL"]
[SourceTitle "EXT 2011"]
[Source "ChessBase"]
[SourceDate "2010.11.26"]
[SourceVersion "1"]
[SourceVersionDate "2010.11.26"]
[SourceQuality "1"]

1. c4 e5 2. Nc3 Nf6 3. g3 d5 4. cxd5 Nxd5 5. Bg2 Be6 6. Nf3 Nc6 7. d3 Be7 8. 0-0 0-0 9. Bd2 Qd7 10. Rc1 f6 11. a3 Kh8 12. Ne4 Rad8 13. Qc2 Bg4 14. Nc5 Bxc5 15. Qxc5 Bxf3 16. Bxf3 Nd4 17. Rce1 Nxf3+ 18. exf3 b6 19. Qc4 c5 20. Rd1 Nc7 21. Be3 Ne6 22. f4 exf4 23. Bxf4 Nd4 24. Be3 Nf3+ 25. Kg2 Ne5 26. Qc3 Nxd3 27. Kg1 Qd5 28. Rd2 c4 29. Rfd1 Rf7 30. a4 Rfd7 31. b3 h5 32. bxc4 Qe4 33. a5 bxa5 34. Qxa5 Ne5 35. Rxd7 Rxd7 36. Rxd7 Nf3+ 37. Kg2 Nd2+ 38. Kh3 Qg4+ 39. Kg2 Qe4+ 40. Kh3 Qg4+ 1/2-1/2

[Event "Warsaw Hetmanie-A 1st"]
[Site "Warsaw"]
[Date "2010.01.11"]
[Round "2"]
[White "Potocki, Karol"]
[Black "Ceglowski, Ryszard"]
[Result "0-1"]
[WhiteElo "1851"]
[BlackElo "1912"]
[PlyCount "66"]
[EventDate "2010.01.04"]
[EventType "tourn"]
[EventRounds "11"]
[EventCountry "POL"]
[SourceTitle "EXT 2023"]
[Source "ChessBase"]
[SourceDate "2022.10.05"]
[SourceVersion "1"]
[SourceVersionDate "2022.10.05"]
[SourceQuality "1"]

1. d4 Nf6 2. c4 g6 3. Nc3 d5 4. Nf3 Bg7 5. Qb3 dxc4 6. Qxc4 0-0 7. e4 c6 8. Be2 Be6 9. Qa4 b5 10. Qc2 a5 11. Be3 a4 12. Ng5 Bg4 13. f3 Bd7 14. g4 Qa5 15. Kf2 b4 16. Nb1 h6 17. Nh3 h5 18. e5 Nd5 19. Nd2 Nxe3 20. Kxe3 Rc8 21. Nc4 Qa7 22. Qe4 Bh6+ 23. Kf2 Na6 24. Nf4 hxg4 25. fxg4 Nc7 26. Rad1 Ne6 27. Nxe6 Bxe6 28. Ne3 Bxa2 29. g5 Bg7 30. Nc4 Bb3 31. Rdg1 Rd8 32. Ke3 Rd5 33. Rf1 Bxc4 0-1

[Event "Mazowiec-chT 0910"]
[Site "Mazowsze"]
[Date "2010.01.10"]
[Round "3.11"]
[White "Szukalski, Antoni"]
[Black "Ceglowski, Ryszard"]
[Result "0-1"]
[WhiteElo "1930"]
[BlackElo "1912"]
[PlyCount "170"]
[EventDate "2009.11.29"]
[EventType "team-tourn"]
[EventRounds "11"]
[EventCountry "POL"]
[SourceTitle "EXT 2011"]
[Source "ChessBase"]
[SourceDate "2010.11.26"]
[SourceVersion "1"]
[SourceVersionDate "2010.11.26"]
[SourceQuality "1"]

1. e4 e6 2. d4 d5 3. exd5 exd5 4. Nf3 Nf6 5. Bd3 Be7 6. 0-0 0-0 7. h3 b6 8. Be3 c5 9. c3 Ba6 10. Re1 Bxd3 11. Qxd3 c4 12. Qc2 Nc6 13. Nbd2 Qc7 14. Ne5 Nxe5 15. dxe5 Nd7 16. Bd4 Nc5 17. Nf3 Nd3 18. Rf1 a5 19. g3 Bc5 20. a3 a4 21. Rad1 Qd7 22. Kg2 Rfe8 23. Rd2 Re6 24. Ng5 Rg6 25. h4 h6 26. Nh3 Bxd4 27. cxd4 Qg4 28. Rxd3 cxd3 29. Qxd3 Qe4+ 30. Qxe4 dxe4 31. Rc1 b5 32. Nf4 Rb6 33. d5 g5 34. Nh5 b4 35. Nf6+ Kg7 36. d6 bxa3 37. bxa3 Rd8 38. Rc4 e3 39. fxe3 Rb3 40. d7 Rd3 41. Rc8 R3xd7 42. Rc4 Rd3 43. Rxa4 Rxe3 44. hxg5 hxg5 45. Ng4 Rb3 46. Re4 Rxa3 47. Ne3 Kg6 48. g4 Rad3 49. e6 fxe6 50. Rxe6+ Kf7 51. Re5 Kf6 52. Rf5+ Kg6 53. Re5 Rd2+ 54. Kg3 R2d3 55. Kf2 R8d4 56. Re6+ Kf7 57. Re5 Rd2+ 58. Kg3 Kf6 59. Rf5+ Kg6 60. Re5 Rf4 61. Re6+ Kf7 62. Re5 Rdf2 63. Rf5+ Rxf5 64. Nxf5 Rb2 65. Nd6+ Ke6 66. Ne4 Rb3+ 67. Kf2 Ke5 68. Nxg5 Kf4 69. Ne6+ Kxg4 70. Nc5 Rc3 71. Na4 Ra3 72. Nb6 Rf3+ 73. Kg2 Rb3 74. Nc4 Rc3 75. Ne5+ Kf5 76. Nd7 Ke6 77. Nf8+ Kf7 78. Nd7 Ke6 79. Nf8+ Kf5 80. Nd7 Rc6 81. Nb8 Rd6 82. Kf3 Ke5 83. Ke3 Kd5 84. Kf4 Ke6 85. Ke4 Rb6 0-1

[Event "Mazowiec-chT 0910"]
[Site "Mazowsze"]
[Date "2009.11.29"]
[Round "1.15"]
[White "Paziewski, Marcin"]
[Black "Ceglowski, Ryszard"]
[Result "0-1"]
[WhiteElo "1761"]
[BlackElo "1912"]
[PlyCount "58"]
[EventDate "2009.11.29"]
[EventType "team-tourn"]
[EventRounds "11"]
[EventCountry "POL"]
[SourceTitle "EXT 2011"]
[Source "ChessBase"]
[SourceDate "2010.11.26"]
[SourceVersion "1"]
[SourceVersionDate "2010.11.26"]
[SourceQuality "1"]

1. d4 d5 2. c4 c6 3. Nc3 e6 4. Bf4 Nf6 5. e3 Bb4 6. Bd3 0-0 7. Nge2 Nbd7 8. 0-0 dxc4 9. Bxc4 Nb6 10. Bd3 Nbd5 11. Bg5 h6 12. Nxd5 exd5 13. Bf4 Ne4 14. Bxe4 dxe4 15. Qc2 Qe7 16. a3 Ba5 17. b4 Bb6 18. Nc3 f5 19. Rac1 Be6 20. Na4 Qf7 21. Nc5 Bd5 22. Qc3 g5 23. Be5 Bc7 24. Nxb7 Bxe5 25. dxe5 Qxb7 26. Rfd1 Rfe8 27. Qc5 a6 28. Qd6 Re6 29. Qc5 Rae8 0-1

[Event "Mazowiec-chT 0708"]
[Site "Poland"]
[Date "2008.01.20"]
[Round "7"]
[White "Parol, Pawel"]
[Black "Ceglowski, Ryszard"]
[Result "0-1"]
[WhiteElo "1930"]
[BlackElo "1927"]
[PlyCount "135"]
[EventDate "2007.10.14"]
[EventType "team-tourn"]
[EventRounds "10"]
[EventCountry "POL"]
[SourceTitle "EXT 2010"]
[Source "ChessBase"]
[SourceDate "2010.11.25"]
[SourceVersion "1"]
[SourceVersionDate "2010.11.25"]
[SourceQuality "1"]

1. c4 c5 2. Nc3 Nc6 3. Nf3 g6 4. g3 Bg7 5. Bg2 d6 6. d3 Nf6 7. 0-0 0-0 8. Bd2 e5 9. Qc1 Bg4 10. Bg5 Qd7 11. Nd2 Bh3 12. Bxf6 Bxf6 13. Nde4 Bg7 14. Nd5 f6 15. e3 Be6 16. Nec3 Kh8 17. f4 f5 18. Bh3 Nb4 19. Nxb4 cxb4 20. Ne2 Rac8 21. Qd2 b5 22. cxb5 Qxb5 23. d4 Bc4 24. Rfe1 Bxe2 25. Rxe2 exd4 26. exd4 Rc4 27. Re7 Rxd4 28. Qe3 Qd3 29. Qxd3 Rxd3 30. Rae1 Rd2 31. R1e2 Rxb2 32. Rxb2 Bxb2 33. Bg2 Rc8 34. Bd5 a5 35. Rd7 Bd4+ 36. Kf1 Bc5 37. Re7 Rb8 38. Rb7 Rxb7 39. Bxb7 Kg7 40. Bd5 Kf6 41. Kg2 h6 42. Kf3 g5 43. fxg5+ hxg5 44. h3 Ke5 45. Bb3 d5 46. h4 gxh4 47. gxh4 Be7 48. h5 Bg5 49. Bc2 Bh6 50. Bd3 a4 51. Bc2 a3 52. Bb3 d4 53. Ke2 f4 54. Bf7 Kf6 55. Bg6 b3 56. Bb1 bxa2 57. Bxa2 Bg7 58. Bb3 Kg5 59. Ba2 Kxh5 60. Bf7+ Kg5 61. Bb3 Kf5 62. Bc2+ Ke5 63. Bb3 Kd6 64. Ba2 Kc5 65. Kd3 f3 66. Kd2 Bh6+ 67. Kd3 Be3 68. Bf7 0-1

[Event "Mazowiec-chT 0708"]
[Site "Poland"]
[Date "2007.12.09"]
[Round "5"]
[White "Liszek, Krzysztof"]
[Black "Ceglowski, Ryszard"]
[Result "0-1"]
[WhiteElo "2033"]
[BlackElo "1927"]
[PlyCount "158"]
[EventDate "2007.10.14"]
[EventType "team-tourn"]
[EventRounds "10"]
[EventCountry "POL"]
[SourceTitle "EXT 2010"]
[Source "ChessBase"]
[SourceDate "2010.11.25"]
[SourceVersion "1"]
[SourceVersionDate "2010.11.25"]
[SourceQuality "1"]

1. b4 d5 2. Bb2 Nf6 3. e3 e6 4. b5 Bd7 5. c4 c6 6. a4 a6 7. Nc3 Bb4 8. Qb3 Qe7 9. Nf3 axb5 10. axb5 Rxa1+ 11. Bxa1 0-0 12. Na2 Bd6 13. d4 Ne4 14. c5 Bc7 15. b6 Bd8 16. Qa4 Qf6 17. Qa8 Nxc5 18. Qxb8 Bxb6 19. Qe5 Ne4 20. Qxf6 gxf6 21. Bd3 Ra8 22. Bb1 Ba5+ 23. Ke2 Bb6 24. Nd2 c5 25. dxc5 Bb5+ 26. Kd1 Nxf2+ 27. Kc2 Bxc5 28. Rf1 Bxe3 29. Rxf2 Bxf2 30. Bxf6 Be3 31. Nc3 Ba6 32. Nf3 Rc8 33. Kb3 Bc4+ 34. Kb2 Rc6 35. Na4 Be2 36. Nd4 Bc1+ 37. Ka1 Rd6 38. Bc2 Bc4 39. Kb1 Ba3 40. Nb2 Bf1 41. g3 Rb6 42. Nb3 Bd6 43. Bd4 Rb5 44. Nd2 Be2 45. Ba4 Rb4 46. Bc3 Rg4 47. Bd7 d4 48. Ba5 Rg5 49. Nbc4 Bc5 50. Bc7 Rf5 51. Bf4 Bb4 52. Kb2 b5 53. Nd6 Rxf4 54. gxf4 Bxd6 55. Nb3 d3 56. Bxb5 Bxf4 57. Nc5 Bxh2 58. Kc3 Be5+ 59. Kd2 Bf4+ 60. Ke1 e5 61. Nxd3 Bxd3 62. Bxd3 h5 63. Kf2 Kg7 64. Kf3 Kh6 65. Bc4 f5 66. Bd3 Kg5 67. Kg2 e4 68. Be2 h4 69. Bb5 Bg3 70. Bd7 Kf4 71. Be6 Ke5 72. Bc8 f4 73. Bb7 f3+ 74. Kg1 Kf4 75. Ba6 e3 76. Kf1 h3 77. Kg1 e2 78. Bxe2 fxe2 79. Kh1 e1Q# 0-1

[Event "Mazowiec-chT 0708"]
[Site "Poland"]
[Date "2007.10.28"]
[Round "2"]
[White "Mietek, Lukasz"]
[Black "Ceglowski, Ryszard"]
[Result "0-1"]
[WhiteElo "1981"]
[BlackElo "1927"]
[PlyCount "134"]
[EventDate "2007.10.14"]
[EventType "team-tourn"]
[EventRounds "10"]
[EventCountry "POL"]
[SourceTitle "EXT 2010"]
[Source "ChessBase"]
[SourceDate "2010.11.25"]
[SourceVersion "1"]
[SourceVersionDate "2010.11.25"]
[SourceQuality "1"]

1. e4 e6 2. d4 d5 3. exd5 exd5 4. Bd3 Nc6 5. Nf3 Nf6 6. 0-0 Be7 7. Bg5 0-0 8. h3 h6 9. Bh4 Ne4 10. Bg3 Nxg3 11. fxg3 Qd6 12. Kh2 Nb4 13. Be2 Bf5 14. Na3 a6 15. Ne5 Bh7 16. Bh5 Bf6 17. c3 Nc6 18. Rxf6 Qxf6 19. Nd7 Qf2 20. Nxf8 Rxf8 21. Qe2 Qxe2 22. Bxe2 Re8 23. Bf3 Be4 24. Re1 Kf8 25. g4 b5 26. b4 Nb8 27. Kg3 Nd7 28. Bxe4 dxe4 29. Nc2 Nb6 30. Ne3 c6 31. h4 g5 32. h5 Nd5 33. Nxd5 cxd5 34. Kf2 Re6 35. Ke3 Rf6 36. a4 Rf4 37. axb5 axb5 38. Ra1 Rxg4 39. Ra5 Rg3+ 40. Kf2 Rxc3 41. Rxb5 Rb3 42. Rxd5 Rxb4 43. Rd6 Kg7 44. Ke3 Rb2 45. g4 Rg2 46. Kxe4 Rxg4+ 47. Kf3 Rf4+ 48. Kg3 Rf6 49. Rd8 Rf4 50. d5 f6 51. Rd7+ Kg8 52. d6 Rd4 53. Rd8+ Kf7 54. Rd7+ Ke6 55. Rh7 Kxd6 56. Rxh6 Ke6 57. Rh8 Rh4 58. h6 Kf7 59. Kf3 Kg6 60. Rd8 Rxh6 61. Rd6 Rh3+ 62. Kg4 Rh4+ 63. Kg3 Rf4 64. Ra6 Re4 65. Rb6 Kf5 66. Rb5+ Re5 67. Rb6 Rd5 0-1